Soils in Construction : (Record no. 599589)

MARC details
000 -LEADER
fixed length control field 00448nam a2200181 a 4500
008 - FIXED-LENGTH DATA ELEMENTS--GENERAL INFORMATION
fixed length control field 251201s2004##################000#0#eng##
020 ## - INTERNATIONAL STANDARD BOOK NUMBER
ISBN 9780130489173
082 04 - DEWEY DECIMAL CLASSIFICATION NUMBER
Classification number 624.15136
Item number SCH
100 1# - MAIN ENTRY--AUTHOR NAME
Personal name Schroeder, Warren Lee,
245 10 - TITLE STATEMENT
Title Soils in Construction :
260 ## - PUBLICATION, DISTRIBUTION, ETC. (IMPRINT)
Name of publisher Prentice Hall,
Year of publication 2004.
650 #0 - SUBJECT ADDED ENTRY--TOPICAL TERM
Topical Term Building.
942 ## - ADDED ENTRY ELEMENTS (KOHA)
Koha item type English Books
Holdings
Withdrawn status Lost status Damaged status Not for loan Home library Current library Shelving location Date acquired Full call number Accession Number Price effective from Koha item type
        Anna Centenary Library Anna Centenary Library 6TH FLOOR, A WING 01.12.2025 624.15136 SCH 213876 01.12.2025 English Books

Find us on the map